[Event "Vesterhavsturneringen "]
[Site "Esbjerg"]
[Date "1979.07.09"]
[Round "4"]
[White "Westerinen, Heikki"]
[Black "Reshevsky, Samuel"]
[Result "1/2-1/2"]
[WhiteElo "2465"]
[BlackElo "2485"]
[PlyCount "24"]
[EventDate "1979.??.??"]
[EventType "tourn"]
[EventCountry "DEN"]

1. e4 e5 2. Nf3 Nc6 3. Bb5 a6 4. Ba4 Nf6 5. O-O Be7 6. Re1 b5 7. Bb3 d6 8. c3
O-O 9. h3 Nb8 10. d3 Nbd7 11. Nbd2 Bb7 12. Nf1 Nc5 1/2-1/2

[Event "Vesterhavsturneringen "]
[Site "Esbjerg"]
[Date "1979.07.11"]
[Round "5"]
[White "Reshevsky, Samuel"]
[Black "Fries Nielsen, Jens Ove"]
[Result "1/2-1/2"]
[WhiteElo "2485"]
[BlackElo "2310"]
[PlyCount "83"]
[EventDate "1979.??.??"]
[EventType "tourn"]
[EventCountry "DEN"]

1. d4 Nf6 2. c4 g6 3. Nc3 d5 4. Nf3 Bg7 5. Qb3 dxc4 6. Qxc4 O-O 7. e4 a6 8. Qb3
b5 9. e5 Nfd7 10. e6 fxe6 11. Qxe6+ Kh8 12. Qe4 Nb6 13. Qh4 Nc6 14. Bh6 e5 15.
Ng5 Qe7 16. Bxg7+ Qxg7 17. dxe5 Nxe5 18. Be2 Bb7 19. O-O Rae8 20. Rad1 Nec4 21.
Bxc4 Nxc4 22. b3 Nd6 23. Nd5 Nf5 24. Qb4 h6 25. Ne4 a5 26. Qxa5 Bxd5 27. Rxd5
Rxe4 28. Qxb5 Nd6 29. Qd3 Rfe8 30. g3 h5 31. h4 Nf5 32. Rd7 Qe5 33. Rc1 c5 34.
Qd5 Qxd5 35. Rxd5 Re1+ 36. Rxe1 Rxe1+ 37. Kg2 Rc1 38. a4 Rc3 39. a5 Rxb3 40.
Rxc5 Ra3 41. Rc6 Kg7 42. a6 1/2-1/2

[Event "Vesterhavsturneringen "]
[Site "Esbjerg"]
[Date "1979.07.11"]
[Round "5"]
[White "Mestel, Jonathan"]
[Black "Castro, Oscar"]
[Result "1-0"]
[WhiteElo "2475"]
[BlackElo "2430"]
[PlyCount "65"]
[EventDate "1979.??.??"]
[EventType "tourn"]
[EventCountry "DEN"]

1. e4 e5 2. Nf3 Nc6 3. Bb5 a6 4. Ba4 Nf6 5. O-O Be7 6. Bxc6 dxc6 7. d3 Nd7 8.
Nbd2 O-O 9. Nc4 Bf6 10. Bd2 Re8 11. Bc3 c5 12. a4 Rb8 13. h3 b5 14. axb5 axb5
15. Ne3 Nb6 16. b3 Bb7 17. Ra5 Bc6 18. Ng4 Qd6 19. Nxf6+ gxf6 20. Nh4 Bd7 21.
Qh5 c4 22. bxc4 Na4 23. Ba1 Qb6 24. Rxb5 Bxb5 25. Nf5 Kh8 26. Qxf7 Rg8 27. cxb5
Rbf8 28. Qc4 Nc5 29. d4 Ne6 30. dxe5 Nf4 31. g3 Nxh3+ 32. Kg2 Nf4+ 33. Kf3 1-0

[Event "Vesterhavsturneringen "]
[Site "Esbjerg"]
[Date "1979.07.11"]
[Round "5"]
[White "Hartston, William Roland"]
[Black "Ost Hansen, Jacob"]
[Result "1-0"]
[WhiteElo "2485"]
[BlackElo "2380"]
[PlyCount "93"]
[EventDate "1979.??.??"]
[EventType "tourn"]
[EventCountry "DEN"]

1. d4 Nf6 2. Nf3 g6 3. c4 Bg7 4. Nc3 O-O 5. Bg5 c5 6. e3 Qa5 7. Qd2 d6 8. Be2
Nbd7 9. O-O h6 10. Bh4 g5 11. Bg3 Nh5 12. a3 cxd4 13. Nxd4 Nxg3 14. hxg3 Ne5
15. b4 Qd8 16. f4 Nc6 17. Nf3 Bg4 18. Rac1 Qd7 19. Rfd1 Rad8 20. Nd5 b6 21. Kf2
e6 22. Nc3 Qe7 23. Bd3 f5 24. Rh1 Rf7 25. Bc2 Qf6 26. Ba4 Ne7 27. Ne5 dxe5 28.
Qxd8+ Rf8 29. Qd2 Ng6 30. Bd7 Qe7 31. fxg5 hxg5 32. Nb5 f4 33. c5 bxc5 34. bxc5
e4 35. Bc6 fxg3+ 36. Kxg3 Bf5 37. Nd6 g4 38. Kh2 Qc7 39. Bb5 Ne5 40. Kg1 Rd8
41. Qc2 Rb8 42. Nxf5 exf5 43. Bc4+ Kf8 44. Rh5 Ke7 45. Rxf5 Qc6 46. Qf2 Qh6 47.
Rxe5+ 1-0

[Event "Vesterhavsturneringen "]
[Site "Esbjerg"]
[Date "1979.07.11"]
[Round "5"]
[White "Vadasz, Laszlo"]
[Black "Mortensen, Erling"]
[Result "0-1"]
[WhiteElo "2490"]
[BlackElo "2365"]
[PlyCount "80"]
[EventDate "1979.??.??"]
[EventType "tourn"]
[EventCountry "DEN"]

1. Nf3 Nf6 2. c4 e6 3. g3 d5 4. Bg2 Be7 5. O-O O-O 6. d4 dxc4 7. Qc2 Bd7 8.
Qxc4 Bc6 9. Nc3 Nbd7 10. Qd3 Bb4 11. a3 Bxc3 12. Qxc3 a5 13. b3 Be4 14. Bb2 a4
15. b4 Nd5 16. Qd2 b5 17. Rac1 N7b6 18. Rc5 Nc4 19. Qc1 Qe8 20. Nd2 Nxd2 21.
Qxd2 Bxg2 22. Kxg2 Ra7 23. Rfc1 Nb6 24. Rxc7 Qa8+ 25. f3 Nc4 26. Rxa7 Qxa7 27.
Qc3 f5 28. Rd1 e5 29. Bc1 e4 30. d5 Re8 31. Qd4 Qd7 32. d6 h6 33. f4 Kh7 34.
Qc5 Rc8 35. Qd5 h5 36. h3 Re8 37. g4 g6 38. gxh5 gxh5 39. Kf2 Rg8 40. Be3 Rg2+
0-1

[Event "Vesterhavsturneringen "]
[Site "Esbjerg"]
[Date "1979.07.11"]
[Round "5"]
[White "Sigurjonsson, Gudmundur"]
[Black "Sloth, Jorn"]
[Result "1/2-1/2"]
[WhiteElo "2490"]
[BlackElo "2400"]
[PlyCount "36"]
[EventDate "1979.??.??"]
[EventType "tourn"]
[EventCountry "DEN"]

1. Nf3 Nf6 2. g3 g6 3. b3 Bg7 4. Bb2 d6 5. d4 c5 6. Bg2 cxd4 7. Nxd4 d5 8. O-O
O-O 9. Na3 Re8 10. Nf3 Nc6 11. Ne5 Nxe5 12. Bxe5 Qa5 13. Qc1 Bg4 14. c4 dxc4
15. Nxc4 Qa6 16. Qb2 Rac8 17. Rfd1 Red8 18. Rac1 Be6 1/2-1/2

[Event "Vesterhavsturneringen "]
[Site "Esbjerg"]
[Date "1979.07.11"]
[Round "5"]
[White "Fedder, Steen"]
[Black "Knudsen, Per"]
[Result "1/2-1/2"]
[WhiteElo "2415"]
[BlackElo "2390"]
[PlyCount "81"]
[EventDate "1979.??.??"]
[EventType "tourn"]
[EventCountry "DEN"]

1. d4 c5 2. dxc5 Qa5+ 3. Nc3 Qxc5 4. e4 Nf6 5. Nf3 d6 6. Be2 g6 7. O-O Bg7 8.
Nd2 Bd7 9. Nb3 Qc8 10. Bg5 Nc6 11. Qd2 O-O 12. Rad1 Be6 13. f4 Rd8 14. Bf3 Bc4
15. Rfe1 e6 16. Qf2 h6 17. Bh4 Rd7 18. f5 g5 19. fxe6 fxe6 20. Bg3 Qf8 21. Be2
Bxe2 22. Qxe2 Rad8 23. Rd3 d5 24. Rf1 Rf7 25. Rdf3 Rdd7 26. exd5 exd5 27. Qd3
a6 28. Ne2 Nb4 29. Qd1 Nc6 30. c3 Qd8 31. Kh1 Ne4 32. Rxf7 Rxf7 33. Rxf7 Kxf7
34. Qf1+ Qf6 35. Qxf6+ Bxf6 36. Be1 Ke6 37. g4 b5 38. Kg2 b4 39. cxb4 Bxb2 40.
a4 Ne5 41. Ng3 1/2-1/2

[Event "Vesterhavsturneringen "]
[Site "Esbjerg"]
[Date "1979.07.11"]
[Round "5"]
[White "Kristiansen, Jens"]
[Black "Westerinen, Heikki"]
[Result "1-0"]
[WhiteElo "2365"]
[BlackElo "2465"]
[PlyCount "103"]
[EventDate "1979.??.??"]
[EventType "tourn"]
[EventCountry "DEN"]

1. e4 e5 2. Nf3 Nc6 3. Bb5 a6 4. Ba4 Nf6 5. d4 exd4 6. O-O Be7 7. Re1 O-O 8. e5
Ne8 9. Bf4 d5 10. Bxc6 bxc6 11. Nxd4 Bd7 12. Nb3 g6 13. Nc3 Ng7 14. Na4 Qb8 15.
Be3 Rd8 16. Nac5 a5 17. a4 Nf5 18. Qd2 Be6 19. Bg5 Bxg5 20. Qxg5 Qb4 21. Rad1
Rdb8 22. Qf6 Re8 23. Qg5 Reb8 24. h3 Rb6 25. Qf6 Qh4 26. Nxe6 Qxf6 27. exf6
fxe6 28. Rxe6 Kf7 29. Nc5 Rd8 30. g4 Nh4 31. Re7+ Kxf6 32. Rxh7 Nf3+ 33. Kg2
Ng5 34. Rxc7 Ne6 35. Nxe6 Kxe6 36. b3 d4 37. Re1+ Kd5 38. Rg7 d3 39. cxd3 c5
40. Ree7 Rdd6 41. Rd7 Rxd7 42. Rxd7+ Ke5 43. Ra7 Rxb3 44. Rxa5 Kd4 45. g5 Rxd3
46. Ra6 Ke4 47. Rxg6 Rd5 48. h4 c4 49. Rc6 Kd3 50. g6 c3 51. g7 Rd8 52. h5 1-0

[Event "Vesterhavsturneringen "]
[Site "Esbjerg"]
[Date "1979.07.12"]
[Round "6"]
[White "Ost Hansen, Jacob"]
[Black "Sigurjonsson, Gudmundur"]
[Result "1-0"]
[WhiteElo "2380"]
[BlackElo "2490"]
[PlyCount "55"]
[EventDate "1979.??.??"]
[EventType "tourn"]
[EventCountry "DEN"]

1. e4 c5 2. d3 Nc6 3. g3 g6 4. Bg2 Bg7 5. Nc3 d6 6. Nh3 e6 7. O-O Nge7 8. Be3
Rb8 9. Qd2 h6 10. Rab1 b5 11. a3 a5 12. a4 bxa4 13. Nxa4 Nd4 14. b3 Bd7 15. Nb2
Nb5 16. Nd1 Na3 17. Rc1 a4 18. bxa4 Nb1 19. Qe2 Bxa4 20. f4 O-O 21. g4 f5 22.
gxf5 exf5 23. e5 Qc7 24. c3 d5 25. Qa2 Bb3 26. Qf2 c4 27. Rxb1 cxd3 28. Bc5 1-0

[Event "Vesterhavsturneringen "]
[Site "Esbjerg"]
[Date "1979.07.12"]
[Round "6"]
[White "Castro, Oscar"]
[Black "Fedder, Steen"]
[Result "1-0"]
[WhiteElo "2430"]
[BlackElo "2415"]
[PlyCount "55"]
[EventDate "1979.??.??"]
[EventType "tourn"]
[EventCountry "DEN"]

1. e4 c5 2. c3 Nf6 3. e5 Nd5 4. d4 cxd4 5. Qxd4 e6 6. Nf3 Nc6 7. Qe4 f5 8. Qe2
Be7 9. g3 O-O 10. Bg2 b5 11. Qxb5 a5 12. Qe2 a4 13. O-O Qa5 14. Rd1 Ba6 15. Qe1
Rab8 16. Bf1 Rfc8 17. Nbd2 Bxf1 18. Qxf1 a3 19. Nb3 Qa4 20. c4 Nb6 21. bxa3
Nxc4 22. Rxd7 Bf8 23. Bf4 Nxa3 24. Qd1 Nb5 25. Ng5 Nc3 26. Qh5 h6 27. Nc5 Qc4
28. Ncxe6 1-0

[Event "Vesterhavsturneringen "]
[Site "Esbjerg"]
[Date "1979.07.12"]
[Round "6"]
[White "Knudsen, Per"]
[Black "Hartston, William Roland"]
[Result "0-1"]
[WhiteElo "2390"]
[BlackElo "2485"]
[PlyCount "64"]
[EventDate "1979.??.??"]
[EventType "tourn"]
[EventCountry "DEN"]

1. Nf3 Nf6 2. g3 g6 3. Bg2 Bg7 4. O-O O-O 5. c4 d5 6. cxd5 Nxd5 7. Nc3 Nc6 8.
Nxd5 Qxd5 9. d3 e5 10. Ng5 Qd6 11. Ne4 Qe7 12. Bd2 f5 13. Nc3 Be6 14. Rc1 Rad8
15. Qa4 Rd4 16. Qa3 Qf7 17. Be3 Rd7 18. b4 Nd4 19. Qxa7 c6 20. Qa3 g5 21. Qb2
Qh5 22. Rfe1 Rf6 23. h3 Rh6 24. f3 e4 25. f4 g4 26. h4 exd3 27. exd3 Nf3+ 28.
Bxf3 gxf3 29. Rcd1 Qg4 30. Kf2 Rxh4 31. Rh1 Rxh1 32. Rxh1 Rxd3 0-1

[Event "Vesterhavsturneringen "]
[Site "Esbjerg"]
[Date "1979.07.12"]
[Round "6"]
[White "Fries Nielsen, Jens Ove"]
[Black "Mortensen, Erling"]
[Result "0-1"]
[WhiteElo "2310"]
[BlackElo "2365"]
[PlyCount "80"]
[EventDate "1979.??.??"]
[EventType "tourn"]
[EventCountry "DEN"]

1. e4 c5 2. Nf3 e6 3. d3 Nc6 4. g3 d5 5. Nbd2 Nf6 6. Bg2 Be7 7. O-O a5 8. exd5
exd5 9. d4 a4 10. dxc5 O-O 11. Ne1 Bxc5 12. Nd3 Bb6 13. Nf3 Bf5 14. a3 h6 15.
Bd2 Re8 16. Rc1 Qd7 17. Bc3 Ne4 18. Be1 Bg4 19. Nf4 Rad8 20. c3 d4 21. Qxa4 g5
22. Qb3 Ba7 23. Nd3 dxc3 24. Nb4 Qf5 25. Nxc6 bxc6 26. Rxc3 Nxc3 27. Qxc3 Re6
28. Qa5 Qxa5 29. Bxa5 Rd3 30. Nd2 Bd4 31. Ne4 Bf3 32. Bxf3 Rxf3 33. Nd2 Rxf2
34. Rxf2 Re2 35. Ne4 Rxe4 36. Bc3 Bxf2+ 37. Kxf2 f5 38. b3 Kf7 39. a4 Ke6 40.
a5 Kd7 0-1

[Event "Vesterhavsturneringen "]
[Site "Esbjerg"]
[Date "1979.07.12"]
[Round "6"]
[White "Sloth, Jorn"]
[Black "Vadasz, Laszlo"]
[Result "0-1"]
[WhiteElo "2400"]
[BlackElo "2490"]
[PlyCount "112"]
[EventDate "1979.??.??"]
[EventType "tourn"]
[EventCountry "DEN"]

1. c4 c5 2. Nf3 Nf6 3. g3 d5 4. cxd5 Nxd5 5. Bg2 Nc6 6. d4 Bf5 7. dxc5 Ndb4 8.
Qxd8+ Rxd8 9. Na3 g6 10. Bd2 Bg7 11. Bc3 Bxc3+ 12. bxc3 Na6 13. Nd4 Nxd4 14.
cxd4 Rxd4 15. Bxb7 Nxc5 16. Nb5 Ra4 17. Bc6+ Kf8 18. Rc1 Ne6 19. f3 h5 20. Nc3
Ra3 21. Bd5 Kg7 22. Bxe6 Bxe6 23. Rc2 Bf5 24. e4 Be6 25. Kd2 Rd8+ 26. Kc1 Rd3
27. Kb2 Ra6 28. f4 Rb6+ 29. Ka1 Rc6 30. Rhc1 h4 31. Nb5 Rxc2 32. Rxc2 hxg3 33.
hxg3 Rxg3 34. Nxa7 Rf3 35. Nc6 Rxf4 36. e5 Bf5 37. Rd2 e6 38. Nd4 Re4 39. Nc6
Re1+ 40. Kb2 Rb1+ 41. Ka3 Rb5 42. Rd7 g5 43. Nd8 Bg6 44. Nxe6+ Kh6 45. Nd4 Rxe5
46. Kb2 g4 47. Kc1 g3 48. Nf3 Re3 49. Ng1 Kh5 50. Kd2 Re4 51. Rd3 Kg4 52. Re3
Rf4 53. Ne2 Rf3 54. a4 g2 55. a5 Rf2 56. Rg3+ Kh4 0-1

[Event "Vesterhavsturneringen "]
[Site "Esbjerg"]
[Date "1979.07.12"]
[Round "6"]
[White "Westerinen, Heikki"]
[Black "Mestel, Jonathan"]
[Result "0-1"]
[WhiteElo "2465"]
[BlackElo "2475"]
[PlyCount "82"]
[EventDate "1979.??.??"]
[EventType "tourn"]
[EventCountry "DEN"]

1. e4 c5 2. Nf3 d6 3. d4 Nf6 4. Nc3 cxd4 5. Nxd4 g6 6. Be3 Bg7 7. f3 O-O 8. Qd2
Nc6 9. Bc4 Bd7 10. h4 Rc8 11. Bb3 h5 12. O-O-O Ne5 13. Bg5 Rc5 14. g4 hxg4 15.
f4 Nc4 16. Qe2 b5 17. e5 dxe5 18. Ndxb5 Nxb2 19. Kxb2 Qa5 20. Rxd7 Nxd7 21.
Bxe7 Rxc3 22. Nxc3 exf4 23. Qc4 Nb6 24. Qb4 Qxb4 25. Bxb4 Rc8 26. Rf1 f3 27. a4
Rc4 28. Bxc4 Nxc4+ 29. Kc1 Bh6+ 30. Kd1 Ne3+ 31. Ke1 Nxc2+ 32. Kf2 Nxb4 33. Rd1
f5 34. Rd6 Bf8 35. Rd8 Kf7 36. Kg3 Bc5 37. Nd1 Ke6 38. Rd2 Nd5 39. a5 Nf6 40.
Rc2 Nh5+ 41. Kh2 g3+ 0-1

[Event "Vesterhavsturneringen "]
[Site "Esbjerg"]
[Date "1979.07.12"]
[Round "6"]
[White "Reshevsky, Samuel"]
[Black "Kristiansen, Jens"]
[Result "1/2-1/2"]
[WhiteElo "2485"]
[BlackElo "2365"]
[PlyCount "33"]
[EventDate "1979.??.??"]
[EventType "tourn"]
[EventCountry "DEN"]

1. c4 e6 2. Nc3 Nf6 3. d4 Bb4 4. e3 O-O 5. Nf3 b6 6. Bd3 Bb7 7. a3 Bxc3+ 8.
bxc3 d5 9. O-O dxc4 10. Bxc4 Nbd7 11. a4 c5 12. Be2 Qc7 13. h3 Ne4 14. Bb2 c4
15. Nd2 Nxd2 16. Qxd2 f5 17. f3 1/2-1/2

[Event "Vesterhavsturneringen "]
[Site "Esbjerg"]
[Date "1979.07.13"]
[Round "7"]
[White "Sigurjonsson, Gudmundur"]
[Black "Knudsen, Per"]
[Result "1-0"]
[WhiteElo "2490"]
[BlackElo "2390"]
[PlyCount "81"]
[EventDate "1979.??.??"]
[EventType "tourn"]
[EventCountry "DEN"]

1. Nf3 d5 2. g3 Nf6 3. Bg2 Bf5 4. O-O c6 5. b3 e6 6. Bb2 Nbd7 7. d3 Bc5 8. Nbd2
O-O 9. e3 Re8 10. Qe2 e5 11. e4 dxe4 12. dxe4 Bg4 13. h3 Bh5 14. a4 a5 15. Rad1
Qc7 16. Kh1 Rad8 17. Nc4 Bxf3 18. Bxf3 b5 19. axb5 cxb5 20. Na3 Bxa3 21. Bxa3
b4 22. Bb2 Rc8 23. Rd2 Nc5 24. Ra1 Ra8 25. Qc4 Ra7 26. Kg2 h6 27. Qb5 Rb8 28.
Qc4 Rb6 29. Rad1 Rc6 30. Qb5 Rb7 31. Qe2 a4 32. Rd8+ Kh7 33. Ra8 Ncd7 34. Rxa4
Rxc2 35. Rd2 Rxd2 36. Qxd2 Nc5 37. Rxb4 Nxb3 38. Rxb7 Qxb7 39. Qd6 Nc5 40. Qxe5
Ncd7 41. Qc3 1-0

[Event "Vesterhavsturneringen "]
[Site "Esbjerg"]
[Date "1979.07.13"]
[Round "7"]
[White "Mestel, Jonathan"]
[Black "Reshevsky, Samuel"]
[Result "1/2-1/2"]
[WhiteElo "2475"]
[BlackElo "2485"]
[PlyCount "27"]
[EventDate "1979.??.??"]
[EventType "tourn"]
[EventCountry "DEN"]

1. g3 g6 2. Bg2 Bg7 3. e4 c5 4. Ne2 Nc6 5. c3 e5 6. d3 Nge7 7. a3 d5 8. exd5
Nxd5 9. b4 cxb4 10. axb4 b5 11. O-O O-O 12. Ra3 Bf5 13. Qb3 Be6 14. Qd1 1/2-1/2

[Event "Vesterhavsturneringen "]
[Site "Esbjerg"]
[Date "1979.07.13"]
[Round "7"]
[White "Hartston, William Roland"]
[Black "Castro, Oscar"]
[Result "1-0"]
[WhiteElo "2485"]
[BlackElo "2430"]
[PlyCount "55"]
[EventDate "1979.??.??"]
[EventType "tourn"]
[EventCountry "DEN"]

1. d4 Nf6 2. c4 g6 3. Nc3 d5 4. Nf3 Bg7 5. Bg5 dxc4 6. e4 c5 7. d5 b5 8. e5 b4
9. exf6 exf6 10. Qe2+ Kf8 11. Be3 bxc3 12. Bxc5+ Kg8 13. bxc3 Bb7 14. Rd1 Na6
15. Be3 Nc7 16. Qb2 Ba6 17. d6 Ne6 18. Be2 f5 19. Qa3 Bb7 20. O-O f4 21. Bc1
Bf8 22. Qb4 Ba6 23. Nd4 Nxd4 24. Rxd4 Bg7 25. Rdd1 Be5 26. Qc5 Bxc3 27. Bxf4
Kg7 28. Qe3 1-0

[Event "Vesterhavsturneringen "]
[Site "Esbjerg"]
[Date "1979.07.13"]
[Round "7"]
[White "Kristiansen, Jens"]
[Black "Fries Nielsen, Jens Ove"]
[Result "0-1"]
[WhiteElo "2365"]
[BlackElo "2310"]
[PlyCount "64"]
[EventDate "1979.??.??"]
[EventType "tourn"]
[EventCountry "DEN"]

1. e4 d6 2. d4 Nf6 3. Nc3 g6 4. Nf3 Bg7 5. Be2 O-O 6. O-O Bg4 7. Be3 Nbd7 8. h3
Bxf3 9. Bxf3 c6 10. a4 Re8 11. g4 h6 12. Qd2 e5 13. Rad1 exd4 14. Bxd4 g5 15.
Bg2 Nf8 16. Be3 Re6 17. e5 Rxe5 18. Qxd6 Qxd6 19. Rxd6 Ne6 20. Ne2 Bf8 21. Rd2
Bc5 22. Bxc5 Rxc5 23. f4 Kg7 24. fxg5 hxg5 25. c3 a5 26. Ng3 Nf4 27. Rd6 Re8
28. Nf5+ Rxf5 29. gxf5 Re2 30. Rf2 Nxh3+ 31. Bxh3 Rxf2 32. Rxf6 Rd2 0-1

[Event "Vesterhavsturneringen "]
[Site "Esbjerg"]
[Date "1979.07.13"]
[Round "7"]
[White "Mortensen, Erling"]
[Black "Sloth, Jorn"]
[Result "1/2-1/2"]
[WhiteElo "2365"]
[BlackElo "2400"]
[PlyCount "37"]
[EventDate "1979.??.??"]
[EventType "tourn"]
[EventCountry "DEN"]

1. c4 e6 2. g3 Nf6 3. Bg2 d5 4. Nf3 dxc4 5. Qa4+ Nbd7 6. Qxc4 c5 7. O-O b6 8.
d4 Bb7 9. Nc3 a6 10. dxc5 b5 11. Qf4 Bxc5 12. Be3 Be7 13. Rfd1 Qb8 14. Qxb8+
Rxb8 15. Rac1 O-O 16. Nd4 Bxg2 17. Kxg2 Rfc8 18. f3 Bc5 19. Bf2 1/2-1/2

[Event "Vesterhavsturneringen "]
[Site "Esbjerg"]
[Date "1979.07.13"]
[Round "7"]
[White "Fedder, Steen"]
[Black "Westerinen, Heikki"]
[Result "0-1"]
[WhiteElo "2415"]
[BlackElo "2465"]
[PlyCount "78"]
[EventDate "1979.??.??"]
[EventType "tourn"]
[EventCountry "DEN"]

1. d4 Nf6 2. c4 g6 3. Nc3 Bg7 4. e4 d6 5. Be2 O-O 6. Bg5 Nbd7 7. Nf3 h6 8. Be3
e5 9. dxe5 dxe5 10. Nd2 c6 11. b4 Qe7 12. Rb1 Rd8 13. Qa4 Nf8 14. c5 Ne6 15.
O-O Nd4 16. Rfc1 Be6 17. Qd1 Rd7 18. Qf1 Rf8 19. Bc4 Ng4 20. Bxe6 Nxe6 21. Nc4
f5 22. h3 Nxe3 23. fxe3 f4 24. Rd1 fxe3 25. Qe2 Nf4 26. Qxe3 Qg5 27. Qf3 Nd5
28. Qd3 Nf4 29. Qf3 Rd4 30. Rxd4 exd4 31. Ne2 Nd5 32. Qb3 Nf4 33. Nxf4 Qxf4 34.
Nd2+ Kh7 35. Qd3 Qf2+ 36. Kh1 Qe3 37. Qxe3 dxe3 38. Nf3 Re8 39. Kg1 Rxe4 0-1

[Event "Vesterhavsturneringen "]
[Site "Esbjerg"]
[Date "1979.07.13"]
[Round "7"]
[White "Vadasz, Laszlo"]
[Black "Ost Hansen, Jacob"]
[Result "1/2-1/2"]
[WhiteElo "2490"]
[BlackElo "2380"]
[PlyCount "84"]
[EventDate "1979.??.??"]
[EventType "tourn"]
[EventCountry "DEN"]

1. Nf3 Nf6 2. c4 g6 3. g3 Bg7 4. Bg2 O-O 5. O-O d6 6. d4 Nbd7 7. Nc3 c6 8. e4
e5 9. Rb1 a6 10. h3 Re8 11. Be3 b5 12. dxe5 dxe5 13. Qc2 Qc7 14. Nd2 Bf8 15. a3
b4 16. axb4 Bxb4 17. Nb3 a5 18. Na4 c5 19. Nc3 Bxc3 20. Qxc3 Bb7 21. Nd2 Nf8
22. f4 Nh5 23. Kh2 exf4 24. Bxf4 Nxf4 25. gxf4 Rad8 26. Rf2 Ne6 27. Qg3 Nxf4
28. Rd1 Ne6 29. Qxc7 Nxc7 30. Ra1 Ra8 31. Nb3 Ne6 32. Rxa5 Rxa5 33. Nxa5 Ba8
34. Nb3 Rb8 35. Nc1 Rd8 36. Rc2 Nd4 37. Rc3 Re8 38. Nb3 Nxb3 39. Rxb3 Bxe4 40.
Rb5 Bxg2 41. Kxg2 Re4 42. Rxc5 Re2+ 1/2-1/2

[Event "Vesterhavsturneringen "]
[Site "Esbjerg"]
[Date "1979.07.15"]
[Round "8"]
[White "Reshevsky, Samuel"]
[Black "Fedder, Steen"]
[Result "0-1"]
[WhiteElo "2485"]
[BlackElo "2415"]
[PlyCount "56"]
[EventDate "1979.??.??"]
[EventType "tourn"]
[EventCountry "DEN"]

1. c4 Nf6 2. Nc3 d5 3. cxd5 Nxd5 4. g3 g6 5. Bg2 Nxc3 6. bxc3 Bg7 7. Nf3 Nd7 8.
d4 c5 9. O-O Qa5 10. Qb3 O-O 11. Rd1 Nb6 12. Ne5 Be6 13. Qc2 Rac8 14. Bxb7 cxd4
15. Bxc8 Rxc8 16. f4 dxc3 17. Be3 Bf5 18. Qb3 Bxe5 19. fxe5 c2 20. Re1 Rc3 21.
Bxb6 axb6 22. Qb2 Qc5+ 23. Kg2 Qc6+ 24. Kf2 Bh3 25. Rec1 Qg2+ 26. Ke1 Qg1+ 27.
Kd2 Qe3+ 28. Ke1 Rd3 0-1

[Event "Vesterhavsturneringen "]
[Site "Esbjerg"]
[Date "1979.07.15"]
[Round "8"]
[White "Westerinen, Heikki"]
[Black "Hartston, William Roland"]
[Result "1-0"]
[WhiteElo "2465"]
[BlackElo "2485"]
[PlyCount "84"]
[EventDate "1979.??.??"]
[EventType "tourn"]
[EventCountry "DEN"]

1. e4 c5 2. c3 Nf6 3. e5 Nd5 4. d4 cxd4 5. cxd4 e6 6. Nf3 d6 7. Bc4 Be7 8. O-O
O-O 9. Qe2 Nc6 10. Nc3 dxe5 11. dxe5 Nxc3 12. bxc3 b6 13. Qe4 Bb7 14. Bd3 g6
15. Bh6 Re8 16. Qe3 Bc5 17. Qe2 Qc7 18. Rfe1 Ne7 19. Rac1 Nf5 20. Bg5 Be7 21.
Be4 Rac8 22. Bxb7 Qxb7 23. Bf6 h5 24. h3 b5 25. g4 Ng7 26. Nd2 Red8 27. Ne4 Rc4
28. Qe3 Kh7 29. Bxe7 Rxe4 30. Qxe4 Qxe7 31. Rcd1 Rc8 32. Re3 Qg5 33. Kh2 Kg8
34. Rd4 Qh4 35. Kg2 Qg5 36. Qf4 Qe7 37. Red3 Qb7+ 38. Qf3 Qb6 39. Rd7 Rf8 40.
Rb7 hxg4 41. hxg4 Qc5 42. Rd8 f5 1-0

[Event "Vesterhavsturneringen "]
[Site "Esbjerg"]
[Date "1979.07.15"]
[Round "8"]
[White "Knudsen, Per"]
[Black "Vadasz, Laszlo"]
[Result "1/2-1/2"]
[WhiteElo "2390"]
[BlackElo "2490"]
[PlyCount "72"]
[EventDate "1979.??.??"]
[EventType "tourn"]
[EventCountry "DEN"]

1. Nf3 Nf6 2. c4 c5 3. g3 Nc6 4. Bg2 d5 5. cxd5 Nxd5 6. Nc3 g6 7. O-O Bg7 8. d3
O-O 9. Nxd5 Qxd5 10. Ng5 Qd7 11. Rb1 b6 12. a3 Bb7 13. b4 cxb4 14. axb4 Rad8
15. Bb2 Bxb2 16. Rxb2 h6 17. Nf3 Nd4 18. Nxd4 Qxd4 19. Qd2 Bxg2 20. Kxg2 Rc8
21. Ra2 Rc7 22. Rfa1 Ra8 23. Qxh6 Qxb4 24. Ra4 Qc3 25. R1a3 Qc6+ 26. f3 Qf6 27.
Rh4 Qg7 28. Qe3 Rd8 29. Rha4 Rdd7 30. Qe4 Qb2 31. Kf2 Qc1 32. Qe5 Rc5 33. Qb8+
Rc8 34. Qe5 Rc5 35. Qe4 Rcc7 36. Qe5 Rc5 1/2-1/2

[Event "Vesterhavsturneringen "]
[Site "Esbjerg"]
[Date "1979.07.15"]
[Round "8"]
[White "Fries Nielsen, Jens Ove"]
[Black "Sloth, Jorn"]
[Result "0-1"]
[WhiteElo "2310"]
[BlackElo "2400"]
[PlyCount "81"]
[EventDate "1979.??.??"]
[EventType "tourn"]
[EventCountry "DEN"]

1. e4 c5 2. Nf3 d6 3. d4 cxd4 4. Nxd4 Nf6 5. Nc3 Nc6 6. Bc4 Bd7 7. O-O g6 8. h3
Bg7 9. Be3 O-O 10. Bb3 a6 11. f4 Nxd4 12. Bxd4 Bc6 13. f5 Nd7 14. h4 Bxd4+ 15.
Qxd4 Qa5 16. h5 Qe5 17. Qxe5 Nxe5 18. hxg6 hxg6 19. f6 e6 20. Rad1 Rfd8 21. Rd2
Rd7 22. g3 b5 23. Rd4 g5 24. a4 Kh7 25. axb5 axb5 26. Rb4 Ra5 27. Ne2 Kg6 28.
Nd4 d5 29. exd5 Bxd5 30. Bxd5 Rxd5 31. c3 Ra4 32. Rxa4 bxa4 33. Ra1 Nd3 34.
Rxa4 Nxb2 35. Ra2 Nd1 36. Ne2 Rd3 37. Rc2 Kxf6 38. c4 Ke7 39. c5 Kd7 40. c6+
Kc7 41. Rc1 0-1

[Event "Vesterhavsturneringen "]
[Site "Esbjerg"]
[Date "1979.07.15"]
[Round "8"]
[White "Castro, Oscar"]
[Black "Sigurjonsson, Gudmundur"]
[Result "1-0"]
[WhiteElo "2430"]
[BlackElo "2490"]
[PlyCount "45"]
[EventDate "1979.??.??"]
[EventType "tourn"]
[EventCountry "DEN"]

1. e4 c5 2. c3 d5 3. exd5 Qxd5 4. d4 Nf6 5. Nf3 Bg4 6. Be2 e6 7. h3 Bh5 8. O-O
Nc6 9. Be3 cxd4 10. cxd4 Be7 11. Nc3 Qd6 12. Qd2 O-O 13. Rfd1 Rfd8 14. Rac1
Rac8 15. a3 Qb8 16. b4 Bxf3 17. Bxf3 Nxd4 18. Bxd4 e5 19. Nd5 Nxd5 20. Rxc8
Qxc8 21. Bxe5 Nxb4 22. Qxd8+ Bxd8 23. Bxb7 1-0

[Event "Vesterhavsturneringen "]
[Site "Esbjerg"]
[Date "1979.07.15"]
[Round "8"]
[White "Ost Hansen, Jacob"]
[Black "Mortensen, Erling"]
[Result "1/2-1/2"]
[WhiteElo "2380"]
[BlackElo "2365"]
[PlyCount "82"]
[EventDate "1979.??.??"]
[EventType "tourn"]
[EventCountry "DEN"]

1. g3 e5 2. Bg2 Nf6 3. d3 d5 4. Nf3 Nbd7 5. O-O Be7 6. Nbd2 O-O 7. e4 dxe4 8.
dxe4 c6 9. b3 Qc7 10. Bb2 Re8 11. Qe2 a5 12. a3 b6 13. Rfc1 Ba6 14. c4 Bf8 15.
Bc3 Nc5 16. Rab1 Rad8 17. Ne1 h6 18. b4 axb4 19. axb4 Ne6 20. Ndf3 Nd4 21. Bxd4
exd4 22. e5 Nd7 23. Nd3 c5 24. bxc5 Nxc5 25. Nfe1 Bc8 26. Bd5 Be6 27. Qa2 Bf5
28. Qd2 Bg6 29. f4 Ne4 30. Qg2 Nc3 31. Rb3 b5 32. cxb5 Rxd5 33. Rbxc3 dxc3 34.
Qxd5 Rd8 35. Qc6 Qa5 36. Rxc3 Be4 37. Qc7 Qxc7 38. Rxc7 Bxd3 39. Nxd3 Rxd3 40.
b6 Rb3 41. b7 Bc5+ 1/2-1/2